000 00492nam a2200181Ia 4500
001 3502
005 20260306145648.0
008 260306t2006||||xx |||||||||||||| ||spa||
041 _aESP
082 _a282.22
_bR27
100 _aRatzinger, Joseph
_eAUT
245 0 _aEl camino pascual:
_bejercicios espirituales dados en el Vaticano en presencia de S.S. Juan Pablo II
260 _c2006
300 _a189 páginas :
_c20 cm.
650 _aGEN
654 _aCHU
942 _cLIB
_dJUS
_fJUS
_2ddc
_n
999 _c3502
_d3502